[Event "ARM-ch Rapid"]
[Site "Yerevan"]
[Date "2021.03.03"]
[Round "6"]
[White "Vardanian, Haik G"]
[Black "Sargsyan, Anna M"]
[Result "1-0"]
[WhiteElo "2353"]
[BlackElo "2383"]
[PlyCount "93"]
[EventDate "2021.03.02"]
[EventType "swiss (rapid)"]
[EventRounds "9"]
[EventCountry "ARM"]
[SourceTitle "CBM 201 Extra"]
[Source "ChessBase"]
[SourceDate "2021.05.31"]
[SourceVersion "1"]
[SourceVersionDate "2021.05.31"]
[SourceQuality "1"]

1. e4 e5 2. Nf3 Nc6 3. Nc3 Nf6 4. Bc4 Bc5 5. d3 h6 6. Be3 Bb6 7. Qd2 d6 8. 0-0-0 Bg4 9. h3 Bxf3 10. gxf3 Nd4 11. f4 Nf3 12. Qe2 Nd4 13. Qf1 Ba5 14. Bxd4 exd4 15. Ne2 c5 16. e5 dxe5 17. fxe5 Nd7 18. e6 fxe6 19. Bxe6 Qe7 20. Bg4 Nf6 21. Kb1 0-0 22. Ng3 Nd5 23. Qg2 Nf4 24. Qe4 Qc7 25. Bf3 Rab8 26. Rdg1 b5 27. Nf5 Rbe8 28. Nxg7 Rxe4 29. Ne6+ Kh8 30. Nxc7 Re7 31. Nd5 Nxd5 32. Bxd5 Rxf2 33. a4 bxa4 34. Rg6 Kh7 35. Rc6 Bb6 36. Be4+ Kg7 37. Rg1+ Kf8 38. Rxh6 Ke8 39. Bc6+ Kd8 40. Bxa4 Kc7 41. Bb3 Rfe2 42. Rgg6 Rh2 43. Bd5 Kd7 44. Rd6+ Kc7 45. Rc6+ Kb8 46. Rh8+ Kb7 47. Re6+ 1-0

[Event "ARM-ch 1st League 81st"]
[Site "Yerevan"]
[Date "2021.02.02"]
[Round "11"]
[White "Vardanian, Haik G"]
[Black "Babujian, Levon"]
[Result "1/2-1/2"]
[WhiteElo "2389"]
[BlackElo "2440"]
[PlyCount "95"]
[EventDate "2021.01.22"]
[EventType "tourn"]
[EventRounds "13"]
[EventCountry "ARM"]
[EventCategory "6"]
[SourceTitle "CBM 200 Extra"]
[Source "ChessBase"]
[SourceDate "2021.03.31"]
[SourceVersion "1"]
[SourceVersionDate "2021.03.31"]
[SourceQuality "1"]

1. c4 e5 2. Nc3 Nf6 3. Nf3 Nc6 4. e3 Bb4 5. Qc2 0-0 6. Nd5 Re8 7. a3 Bf8 8. Bd3 g6 9. Nxf6+ Qxf6 10. Be4 d6 11. b4 Bf5 12. d3 Bxe4 13. dxe4 a5 14. b5 Nb8 15. a4 Nd7 16. Ba3 Rec8 17. 0-0 c6 18. Qb3 Qe6 19. Nd2 cxb5 20. Qxb5 Rc7 21. Rab1 b6 22. f4 Rac8 23. Rf3 exf4 24. exf4 Bg7 25. Rd3 Rc6 26. Qd5 Qe8 27. e5 Nc5 28. Bxc5 Rxc5 29. Qxd6 Qxa4 30. Qxb6 R5c6 31. Qb3 Qxb3 32. Rdxb3 Bf8 33. Kf2 a4 34. Rb5 Ra6 35. Ra1 a3 36. Ra2 f6 37. Ke2 fxe5 38. fxe5 Kf7 39. Kd3 Ke6 40. Nb3 Ra4 41. Nd4+ Kf7 42. Rb7+ Kg8 43. e6 Raxc4 44. Nb5 Rb4 45. e7 Rb3+ 46. Kd4 Rb4+ 47. Kd3 Rb3+ 48. Kd4 1/2-1/2

[Event "ARM-ch 1st League 81st"]
[Site "Yerevan"]
[Date "2021.01.31"]
[Round "9"]
[White "Vardanian, Haik G"]
[Black "Mikaelyan, Arman"]
[Result "0-1"]
[WhiteElo "2389"]
[BlackElo "2485"]
[PlyCount "78"]
[EventDate "2021.01.22"]
[EventType "tourn"]
[EventRounds "13"]
[EventCountry "ARM"]
[EventCategory "6"]
[SourceTitle "CBM 200 Extra"]
[Source "ChessBase"]
[SourceDate "2021.03.31"]
[SourceVersion "1"]
[SourceVersionDate "2021.03.31"]
[SourceQuality "1"]

1. d4 c5 2. dxc5 e6 3. Nf3 Bxc5 4. e4 Qb6 5. Qd2 Nf6 6. Bd3 d5 7. Nc3 dxe4 8. Nxe4 Nbd7 9. Nxc5 Nxc5 10. 0-0 Bd7 11. Be2 0-0 12. c4 a5 13. Ne5 Rfd8 14. Qc2 h6 15. Be3 Qc7 16. f4 Bc6 17. Nxc6 Qxc6 18. Bf3 Qc7 19. Rad1 Rac8 20. Bd4 Ncd7 21. Qe2 Re8 22. b3 e5 23. fxe5 Nxe5 24. Qf2 Nxf3+ 25. Qxf3 Re6 26. Rfe1 Rce8 27. Rxe6 Rxe6 28. Kh1 Qe7 29. Bg1 Ne4 30. Qf4 Nc3 31. Rd3 Ne2 32. Qb8+ Kh7 33. Rd8 Qg5 34. Rd1 Rg6 35. Qxb7 Ng3+ 36. hxg3 Qh5+ 37. Bh2 Qxd1+ 38. Bg1 Qh5+ 39. Bh2 Re6 0-1

[Event "ARM-ch 1st League 81st"]
[Site "Yerevan"]
[Date "2021.01.24"]
[Round "3"]
[White "Melkonyan, Arshak"]
[Black "Vardanian, Haik G"]
[Result "1/2-1/2"]
[WhiteElo "2079"]
[BlackElo "2389"]
[PlyCount "133"]
[EventDate "2021.01.22"]
[EventType "tourn"]
[EventRounds "13"]
[EventCountry "ARM"]
[EventCategory "6"]
[SourceTitle "CBM 200 Extra"]
[Source "ChessBase"]
[SourceDate "2021.03.31"]
[SourceVersion "1"]
[SourceVersionDate "2021.03.31"]
[SourceQuality "1"]

1. d4 Nf6 2. Nf3 e6 3. e3 b6 4. Bd3 Bb7 5. 0-0 d5 6. b3 Bd6 7. Bb2 0-0 8. c4 dxc4 9. Bxc4 Nbd7 10. Nbd2 Qe7 11. Ne5 c5 12. Ndf3 cxd4 13. Nxd7 Nxd7 14. exd4 Rad8 15. Qe2 Nf6 16. Bd3 Ba3 17. Ne5 Bxb2 18. Qxb2 Nh5 19. Rfe1 f6 20. Nf3 Bxf3 21. gxf3 f5 22. Qd2 Rxd4 23. Qe3 Nf4 24. Kh1 Rxd3 25. Qxf4 Qb7 26. Kg2 Rf6 27. Re3 Rg6+ 28. Kh1 Rd7 29. Rae1 Qd5 30. Re5 Qd2 31. Qc4 Qg5 32. Qf1 Rd6 33. R5e3 h6 34. a4 Kh7 35. Rc1 Rd4 36. Rce1 Rh4 37. h3 Qf4 38. Rc1 Qg5 39. Rce1 Qh5 40. Kh2 e5 41. Rxe5 Qxf3 42. R5e3 Qd5 43. Rd1 Rd4 44. Rxd4 Qxd4 45. Qe2 f4 46. Rd3 Qa1 47. Rd1 Qc3 48. Qe4 Qc6 49. Qxc6 Rxc6 50. Rd4 Rf6 51. b4 Kg6 52. Kg2 Rf7 53. Rd5 Kf6 54. Kf3 Rc7 55. a5 bxa5 56. Rxa5 Rb7 57. Kg4 Ke6 58. Kh5 f3 59. Kg6 Rxb4 60. Rxa7 Rh4 61. Ra6+ Ke7 62. Kxg7 h5 63. Kg6 Rxh3 64. Ra3 Ke6 65. Kg5 Ke5 66. Re3+ Kd4 67. Kf4 1/2-1/2

[Event "Jermuk Asrian Memorial 12th"]
[Site "Jermuk"]
[Date "2019.06.19"]
[Round "9"]
[White "Shahinyan, David"]
[Black "Vardanian, Haik G"]
[Result "1/2-1/2"]
[WhiteElo "2429"]
[BlackElo "2357"]
[PlyCount "106"]
[EventDate "2019.06.11"]
[EventType "swiss"]
[EventRounds "9"]
[EventCountry "ARM"]
[SourceTitle "CBM 191 Extra"]
[Source "ChessBase"]
[SourceDate "2019.09.30"]
[SourceVersion "1"]
[SourceVersionDate "2019.09.30"]
[SourceQuality "1"]

1. e4 c5 2. Nc3 e6 3. g3 d5 4. d3 Nc6 5. Bg2 d4 6. Nce2 e5 7. f4 Bd6 8. Nf3 h5 9. h3 h4 10. g4 exf4 11. Bxf4 Qc7 12. Qd2 Be6 13. Bxd6 Qxd6 14. c3 Nge7 15. cxd4 cxd4 16. 0-0 Ng6 17. a3 0-0-0 18. Rac1 Kb8 19. b4 Nge5 20. Ne1 f6 21. Nc2 Bb3 22. b5 Ne7 23. Ncxd4 Bf7 24. a4 Rd7 25. Rfd1 Rhd8 26. Kh1 g5 27. a5 N7g6 28. Qb2 Rc7 29. Rxc7 Qxc7 30. Rc1 Qe7 31. Qc3 Qd7 32. b6 axb6 33. axb6 Rc8 34. Qa1 Rxc1+ 35. Nxc1 Nc6 36. Nb5 Qd8 37. Nc7 Kc8 38. Qa8+ Kd7 39. Qxb7 Qc8 40. Qxc8+ Kxc8 41. Nb5 Nd8 42. Nd6+ Kd7 43. Nxf7 Nxf7 44. Nb3 Kc6 45. Nc5 Kxb6 46. Nd7+ Kc6 47. Nxf6 Kc5 48. Bf1 Kd4 49. Nd5 Nge5 50. Nb4 Kc3 51. Na2+ Kd4 52. Nb4 Kc3 53. Nd5+ Kd4 1/2-1/2

[Event "Yerevan Asrian Memorial 11th"]
[Site "Yerevan"]
[Date "2018.06.27"]
[Round "7"]
[White "Vardanian, Haik G"]
[Black "Papin, Vasily"]
[Result "1/2-1/2"]
[WhiteElo "2388"]
[BlackElo "2490"]
[PlyCount "92"]
[EventDate "2018.06.21"]
[EventType "swiss"]
[EventRounds "9"]
[EventCountry "ARM"]
[SourceTitle "CBM 185 Extra"]
[Source "ChessBase"]
[SourceDate "2018.07.29"]
[SourceVersion "1"]
[SourceVersionDate "2018.07.29"]
[SourceQuality "1"]

1. e4 c5 2. Nf3 e6 3. b3 b6 4. Bb2 Bb7 5. Bd3 Nc6 6. a3 Nf6 7. Nc3 d5 8. 0-0 Be7 9. exd5 exd5 10. Bb5 d4 11. Ne2 a6 12. Bd3 0-0 13. c3 dxc3 14. dxc3 Na5 15. c4 Bxf3 16. gxf3 Nc6 17. Qc2 Bd6 18. Rad1 Re8 19. Kh1 Qe7 20. Rg1 Be5 21. Bc1 Qb7 22. Bg5 Nd4 23. Nxd4 Bxd4 24. Rg3 Rad8 25. Bxf6 Bxf6 26. Bxh7+ Kf8 27. Rxd8 Rxd8 28. Be4 Qc7 29. Bd5 g6 30. Rg4 Kg7 31. Kg2 Rh8 32. h3 Rh4 33. Qe4 Qe7 34. Qe3 Rxg4+ 35. hxg4 Qxe3 36. fxe3 Bb2 37. a4 Bc1 38. a5 bxa5 39. Kf2 g5 40. Ke2 Kf6 41. Kd3 Ke7 42. Ke4 f6 43. Bb7 Kd6 44. Bxa6 Bd2 45. Bc8 Bc1 46. f4 Bd2 1/2-1/2

[Event "Yerevan op 2nd"]
[Site "Yerevan"]
[Date "2017.09.27"]
[Round "9"]
[White "Hakobyan, Hakob V"]
[Black "Vardanian, Haik G"]
[Result "0-1"]
[WhiteElo "2102"]
[BlackElo "2355"]
[PlyCount "50"]
[EventDate "2017.09.19"]
[EventType "swiss"]
[EventRounds "9"]
[EventCountry "ARM"]
[SourceTitle "EXT 2018"]
[Source "ChessBase"]
[SourceDate "2017.10.13"]
[SourceVersion "1"]
[SourceVersionDate "2017.10.13"]
[SourceQuality "1"]

1. Nf3 Nc6 2. d4 d6 3. g3 e5 4. Bg2 e4 5. Nfd2 f5 6. 0-0 d5 7. c4 dxc4 8. e3 Be6 9. Qe2 Qd7 10. Nxc4 0-0-0 11. a3 h5 12. Nc3 Nf6 13. f3 h4 14. g4 exf3 15. Bxf3 fxg4 16. Bh1 g3 17. Rxf6 gxf6 18. d5 gxh2+ 19. Qxh2 Qg7+ 20. Kf1 Qg3 21. Qxg3 hxg3 22. Kg1 Bf7 23. dxc6 Bxc4 24. cxb7+ Kb8 25. b3 Ba6 0-1

[Event "Yerevan op 2nd"]
[Site "Yerevan"]
[Date "2017.09.21"]
[Round "3"]
[White "Vardanian, Haik G"]
[Black "Ter Sahakyan, Samvel"]
[Result "1-0"]
[WhiteElo "2355"]
[BlackElo "2577"]
[PlyCount "59"]
[EventDate "2017.09.19"]
[EventType "swiss"]
[EventRounds "9"]
[EventCountry "ARM"]
[SourceTitle "CBM 180 Extra"]
[Source "ChessBase"]
[SourceDate "2017.10.06"]
[SourceVersion "1"]
[SourceVersionDate "2017.10.06"]
[SourceQuality "1"]

1. c4 e6 2. Nf3 d5 3. b3 Nf6 4. Bb2 Be7 5. g3 0-0 6. Bg2 b6 7. cxd5 Nxd5 8. 0-0 Bb7 9. d4 Nd7 10. Re1 c5 11. e4 N5f6 12. Nbd2 Rc8 13. e5 Nd5 14. Nc4 b5 15. Nd6 Bxd6 16. exd6 c4 17. bxc4 bxc4 18. Ne5 Nxe5 19. dxe5 c3 20. Ba3 Qd7 21. Qd4 Rc6 22. Rab1 c2 23. Rb3 Ba6 24. Rc1 Rfc8 25. Qd2 Nb6 26. Bxc6 Qxc6 27. Bb2 Bb7 28. f3 Nc4 29. Qxc2 Qc5+ 30. Qf2 1-0

[Event "Yerevan op 2nd"]
[Site "Yerevan"]
[Date "2017.09.19"]
[Round "1"]
[White "Vardanian, Haik G"]
[Black "Nourimoghaddam, Shahrokh"]
[Result "1-0"]
[WhiteElo "2355"]
[BlackElo "1794"]
[PlyCount "103"]
[EventDate "2017.09.19"]
[EventType "swiss"]
[EventRounds "9"]
[EventCountry "ARM"]
[SourceTitle "CBM 180 Extra"]
[Source "ChessBase"]
[SourceDate "2017.10.06"]
[SourceVersion "1"]
[SourceVersionDate "2017.10.06"]
[SourceQuality "1"]

1. e4 c5 2. Nf3 e6 3. b3 Nc6 4. Bb2 Qc7 5. g3 d6 6. Bg2 Nf6 7. Bxf6 gxf6 8. 0-0 Be7 9. c3 Bd7 10. d4 0-0-0 11. Nbd2 h5 12. b4 Rdg8 13. b5 Nd8 14. a4 h4 15. Nc4 d5 16. exd5 exd5 17. Ne3 Be6 18. dxc5 Bxc5 19. Nd4 hxg3 20. hxg3 Qe5 21. Re1 Qg5 22. Qf3 Rh5 23. Rad1 Rgh8 24. c4 Bh3 25. Qxd5 Bxg2 26. Qxg5 fxg5 27. Kxg2 Bxd4 28. Rxd4 Ne6 29. Rd5 Rd8 30. Nf5 Kc7 31. Rxd8 Kxd8 32. Nd6 g4 33. Nxf7+ Ke7 34. Nd8 Kxd8 35. Rxe6 Rg5 36. Rd6+ Kc7 37. Rd5 Rg7 38. c5 a6 39. f3 gxf3+ 40. Kxf3 axb5 41. axb5 Rf7+ 42. Ke3 Rf1 43. Rh5 Rc1 44. Rh7+ Kc8 45. Kd4 Rd1+ 46. Kc4 Rg1 47. Rg7 Rc1+ 48. Kb4 Ra1 49. g4 Ra2 50. g5 Ra1 51. g6 Ra2 52. Rf7 1-0

[Event "Yerevan Asrian Memorial 10th"]
[Site "Yerevan"]
[Date "2017.06.22"]
[Round "2"]
[White "Vardanian, Haik G"]
[Black "Bortnyk, Olexandr"]
[Result "0-1"]
[WhiteElo "2386"]
[BlackElo "2580"]
[PlyCount "84"]
[EventDate "2017.06.21"]
[EventType "swiss"]
[EventRounds "9"]
[EventCountry "ARM"]
[SourceTitle "EXT 2018"]
[Source "ChessBase"]
[SourceDate "2017.10.13"]
[SourceVersion "1"]
[SourceVersionDate "2017.10.13"]
[SourceQuality "1"]

1. d4 e6 2. e4 d5 3. Nc3 Bb4 4. Nge2 Nc6 5. a3 Ba5 6. Be3 Nge7 7. b4 Bb6 8. b5 Na5 9. Ng3 0-0 10. e5 Nc4 11. Bxc4 Ba5 12. Bd2 dxc4 13. Nce4 Bxd2+ 14. Qxd2 Bd7 15. Rb1 a6 16. a4 axb5 17. axb5 Nd5 18. 0-0 b6 19. f4 Ra3 20. c3 Qh4 21. Rf3 Rfa8 22. h3 Ra2 23. Qc1 g6 24. Kh2 R8a5 25. Qf1 Bxb5 26. Re1 R5a4 27. f5 exf5 28. Nxf5 gxf5 29. Rg3+ Kf8 30. Qxf5 Ne7 31. Qf1 Bc6 32. Ng5 Bd5 33. Qf6 Ke8 34. e6 fxe6 35. Qf7+ Kd8 36. Nxe6+ Kc8 37. Qe8+ Kb7 38. Nd8+ Ka6 39. Qxe7 Qf4 40. Re2 Rxe2 41. Qxe2 Qd6 42. Qc2 Ra5 0-1

[Event "Yerevan op 1st"]
[Site "Yerevan"]
[Date "2016.10.08"]
[Round "7"]
[White "Simonyan, Latush"]
[Black "Vardanian, Haik G"]
[Result "0-1"]
[WhiteElo "1987"]
[BlackElo "2359"]
[PlyCount "52"]
[EventDate "2016.10.02"]
[EventType "swiss"]
[EventRounds "9"]
[EventCountry "ARM"]
[SourceTitle "EXT 2017"]
[Source "ChessBase"]
[SourceDate "2016.10.25"]
[SourceVersion "1"]
[SourceVersionDate "2016.10.25"]
[SourceQuality "1"]

1. e4 c5 2. Nf3 e6 3. d4 cxd4 4. Nxd4 a6 5. Nc3 b5 6. Be2 Bb7 7. 0-0 Ne7 8. f4 b4 9. Na4 Bxe4 10. Bf3 Bxf3 11. Qxf3 Nbc6 12. Be3 Nxd4 13. Bxd4 Nf5 14. Bb6 Qc8 15. c3 d5 16. Rac1 Qd7 17. b3 bxc3 18. Rxc3 Bd6 19. g4 Ne7 20. Bd4 0-0 21. Nb6 Qa7 22. Qf2 Rad8 23. Rh3 f6 24. Nxd5 Qb8 25. Nxe7+ Bxe7 26. Bb6 Rd5 0-1

[Event "Yerevan op 1st"]
[Site "Yerevan"]
[Date "2016.10.05"]
[Round "4"]
[White "Bernadskiy, Vitaliy"]
[Black "Vardanian, Haik G"]
[Result "1-0"]
[WhiteElo "2539"]
[BlackElo "2359"]
[PlyCount "87"]
[EventDate "2016.10.02"]
[EventType "swiss"]
[EventRounds "9"]
[EventCountry "ARM"]
[SourceTitle "EXT 2017"]
[Source "ChessBase"]
[SourceDate "2016.10.25"]
[SourceVersion "1"]
[SourceVersionDate "2016.10.25"]
[SourceQuality "1"]

1. e4 c5 2. Nf3 Nf6 3. e5 Nd5 4. c4 Nc7 5. b4 cxb4 6. a3 bxa3 7. Nxa3 g6 8. h4 Bg7 9. h5 d6 10. Bb2 Bg4 11. Qb3 0-0 12. hxg6 hxg6 13. Qxb7 Nd7 14. Qe4 Bxf3 15. gxf3 dxe5 16. Qh4 Nf6 17. f4 Ne6 18. fxe5 Nh5 19. Qe4 Rb8 20. Bc3 Rb3 21. Nb5 Qb6 22. Qc2 Rxc3 23. Nxc3 Bxe5 24. Rb1 Nd4 25. Qe4 Qf6 26. Nd5 Qd6 27. Be2 Nf4 28. Nxf4 Bxf4 29. c5 Qf6 30. Kf1 a5 31. Rb6 e6 32. Rh3 a4 33. Bd1 Bc7 34. Ra6 Nf5 35. Bf3 Rd8 36. Ra8 a3 37. Rxa3 Rxd2 38. Rd3 Rb2 39. Qc6 Rb1+ 40. Bd1 Ng3+ 41. Kg2 Kg7 42. Qxc7 Ne4 43. Rdf3 Qg5+ 44. Rhg3 1-0

[Event "Yerevan Asrian Memorial 9th"]
[Site "Yerevan"]
[Date "2016.06.23"]
[Round "8"]
[White "Bakunts, Rafael"]
[Black "Vardanian, Haik G"]
[Result "1/2-1/2"]
[WhiteElo "2355"]
[BlackElo "2355"]
[PlyCount "33"]
[EventDate "2016.06.16"]
[EventType "swiss"]
[EventRounds "9"]
[EventCountry "ARM"]
[SourceTitle "CBM 173 Extra"]
[Source "ChessBase"]
[SourceDate "2016.08.29"]
[SourceVersion "1"]
[SourceVersionDate "2016.08.29"]
[SourceQuality "1"]

1. e4 c5 2. Nf3 e6 3. d4 cxd4 4. Nxd4 a6 5. Bd3 Nf6 6. 0-0 Qc7 7. Qe2 d5 8. Nc3 Nc6 9. Nxc6 bxc6 10. Bg5 Bb7 11. Rfe1 Nd7 12. exd5 cxd5 13. Bf5 Nc5 14. Rad1 Bd6 15. b4 0-0 16. bxc5 Qxc5 17. Be3 1/2-1/2

[Event "Tbilisi Gaprindashvili Cup"]
[Site "Tbilisi"]
[Date "2015.09.12"]
[Round "4"]
[White "Hayrapetyan, Hovik"]
[Black "Vardanian, Haik G"]
[Result "1/2-1/2"]
[WhiteElo "2467"]
[BlackElo "2341"]
[PlyCount "130"]
[EventDate "2015.09.09"]
[EventType "swiss"]
[EventRounds "9"]
[EventCountry "GEO"]
[SourceTitle "EXT 2016"]
[Source "ChessBase"]
[SourceDate "2015.10.08"]
[SourceVersion "1"]
[SourceVersionDate "2015.10.08"]
[SourceQuality "1"]

1. d4 Nf6 2. c4 e6 3. Nf3 Bb4+ 4. Nbd2 d5 5. a3 Bxd2+ 6. Qxd2 0-0 7. Qc2 b6 8. cxd5 Qxd5 9. Qxc7 Ba6 10. Qe5 Qc6 11. Qe3 Nbd7 12. Ne5 Nxe5 13. dxe5 Nd7 14. Bd2 Rfd8 15. Bc3 Nc5 16. f3 Na4 17. Rc1 Rac8 18. Kf2 Qb5 19. b4 Qc4 20. Bd2 Qd5 21. Rxc8 Rxc8 22. Kg3 Rc2 23. Be1 Nb2 24. Bf2 Nd1 25. Qf4 Nxf2 26. Kxf2 h6 27. h4 Qd1 28. Qe4 Bd3 29. Qd4 Rd2 30. Ke3 Qe1 31. h5 Rd1 32. Qb2 Bc4 33. Qc2 b5 34. Kf4 Rd2 35. Qe4 Rd5 36. Qe3 Qb1 37. g4 Rd1 38. Qxa7 Rxf1 39. Rxf1 Qxf1 40. Qa8+ Kh7 41. Qe4+ g6 42. hxg6+ Kg7 43. gxf7 Qxe2 44. f8Q+ Kxf8 45. Qa8+ Kg7 46. Qb7+ Kg6 47. Qb8 Qd2+ 48. Kg3 Qd7 49. Qg8+ Qg7 50. Qe8+ Qf7 51. Qh8 Qg7 52. Qe8+ Kh7 53. f4 Qg6 54. Qd7+ Kg8 55. a4 h5 56. Qd8+ Kh7 57. Qd7+ Qg7 58. Qxg7+ Kxg7 59. axb5 hxg4 60. b6 Bd5 61. Kxg4 Kg6 62. f5+ exf5+ 63. Kf4 Be4 64. e6 Kf6 65. e7 Kxe7 1/2-1/2

[Event "Poti Aleksandria Cup 10th"]
[Site "Poti"]
[Date "2015.07.20"]
[Round "9"]
[White "Rasulov, Vugar Ural Oglu"]
[Black "Vardanian, Haik G"]
[Result "1-0"]
[WhiteElo "2504"]
[BlackElo "2301"]
[PlyCount "117"]
[EventDate "2015.07.13"]
[EventType "swiss"]
[EventRounds "9"]
[EventCountry "GEO"]
[SourceTitle "CBM 167 Extra"]
[Source "ChessBase"]
[SourceDate "2015.09.14"]
[SourceVersion "1"]
[SourceVersionDate "2015.09.14"]
[SourceQuality "1"]

1. e4 c5 2. Nf3 e6 3. d4 cxd4 4. Nxd4 a6 5. Bd3 Nf6 6. 0-0 Qc7 7. Kh1 d5 8. exd5 Nxd5 9. f4 Bc5 10. Nb3 Bd6 11. f5 Nc6 12. Nc3 Nxc3 13. bxc3 exf5 14. Bxf5 Bxf5 15. Rxf5 0-0 16. Rh5 Rfe8 17. Rh3 Re4 18. Be3 Rae8 19. Bg1 Ne5 20. Nd2 Rg4 21. Qe2 Re6 22. Ne4 Bf8 23. Rd1 h6 24. Rd4 Qc6 25. Re3 Rgg6 26. Ng3 Bd6 27. Ree4 Kh7 28. Re3 b5 29. Rde4 Qd5 30. Rd4 Qc6 31. Rde4 Rg5 32. h4 Rgg6 33. Nf5 Bc5 34. Rxe5 Bxe3 35. Rxe6 Qxe6 36. Nxe3 Qxa2 37. Qd3 h5 38. c4 bxc4 39. Qf5 c3 40. Nd5 Qc4 41. Nf4 a5 42. Nxg6 fxg6 43. Qf2 Qe4 44. Bh2 a4 45. Bd6 Qd5 46. Bb4 Qc4 47. Bc5 Qa6 48. Bd4 Qc4 49. Qe3 a3 50. Qe5 Qf7 51. Bxc3 a2 52. Kh2 Qd7 53. Ba1 Kg8 54. c4 Kf8 55. c5 Qc6 56. Qxg7+ Ke8 57. Qe5+ Kd7 58. Kg3 Qa4 59. Qd4+ 1-0

[Event "Poti Aleksandria Cup 10th"]
[Site "Poti"]
[Date "2015.07.16"]
[Round "5"]
[White "Baklan, Vladimir"]
[Black "Vardanian, Haik G"]
[Result "1-0"]
[WhiteElo "2619"]
[BlackElo "2301"]
[PlyCount "63"]
[EventDate "2015.07.13"]
[EventType "swiss"]
[EventRounds "9"]
[EventCountry "GEO"]
[SourceTitle "CBM 167 Extra"]
[Source "ChessBase"]
[SourceDate "2015.09.14"]
[SourceVersion "1"]
[SourceVersionDate "2015.09.14"]
[SourceQuality "1"]

1. e4 c5 2. Nf3 Nf6 3. e5 Nd5 4. g3 Nc6 5. Bg2 d6 6. exd6 exd6 7. 0-0 Be7 8. d4 0-0 9. c3 Bf5 10. Na3 Bf6 11. Qb3 Nb6 12. dxc5 dxc5 13. Be3 Bd3 14. Rfe1 Na5 15. Qd1 Rc8 16. Nd2 Re8 17. Qg4 Nd5 18. Ne4 Nxe3 19. Rxe3 Bxe4 20. Bxe4 Qb6 21. Rae1 Rf8 22. b4 cxb4 23. cxb4 Bc3 24. Rb1 Bxb4 25. Rxb4 Rc1+ 26. Kg2 Qd6 27. Rd4 Qb6 28. Rb4 Qd6 29. Rd3 Qa6 30. Qg5 f5 31. Qxc1 fxe4 32. Re3 1-0

[Event "Batumi Municipality Cup"]
[Site "Batumi"]
[Date "2015.07.08"]
[Round "7"]
[White "Chigladze, Iveri"]
[Black "Vardanian, Haik G"]
[Result "1/2-1/2"]
[WhiteElo "2358"]
[BlackElo "2301"]
[PlyCount "142"]
[EventDate "2015.07.03"]
[EventType "swiss"]
[EventRounds "9"]
[EventCountry "GEO"]
[SourceTitle "EXT 2016"]
[Source "ChessBase"]
[SourceDate "2015.10.08"]
[SourceVersion "1"]
[SourceVersionDate "2015.10.08"]
[SourceQuality "1"]

1. Nf3 b6 2. e4 Bb7 3. Nc3 e6 4. d4 Bb4 5. Bd3 Nf6 6. Qe2 d5 7. exd5 Nxd5 8. Bd2 Nxc3 9. bxc3 Be7 10. a4 Nd7 11. a5 c5 12. 0-0 0-0 13. Bf4 Nf6 14. Rfd1 Bxf3 15. Qxf3 Qd5 16. Qe2 Qh5 17. Qxh5 Nxh5 18. Bc7 Nf6 19. axb6 axb6 20. Bxb6 cxd4 21. cxd4 Nd5 22. Ba5 Bb4 23. Bxb4 Nxb4 24. Rxa8 Rxa8 25. Be4 Rc8 26. Rb1 Na2 27. Rb2 Nc3 28. Bd3 g6 29. g3 Rd8 30. Rb4 Nd5 31. Rc4 Nb6 32. Rc6 Nd5 33. c3 Ra8 34. Be4 Nf6 35. Bf3 g5 36. h3 Ra2 37. Kg2 Kg7 38. c4 h5 39. Rc5 Kg6 40. Rc8 Rd2 41. Rd8 g4 42. hxg4 hxg4 43. Bb7 e5 44. d5 Ne4 45. d6 Nxf2 46. d7 Kf6 47. Bc6 Nd3+ 48. Kf1 Nc5 49. Ke1 Rd6 50. Bb5 Rd4 51. Ke2 Rd6 52. Bc6 Nxd7 53. Bxd7 Ke7 54. Re8+ Kxd7 55. Rxe5 Rd4 56. Rc5 Kd6 57. Rc8 Kd7 58. Ke3 Rd1 59. Rc5 Rf1 60. Ke4 Rf3 61. Rd5+ Ke6 62. Rd3 f5+ 63. Kd4 f4 64. gxf4 Rxf4+ 65. Kc5 Ke5 66. Kb5 Rf3 67. Rd5+ Kf4 68. Rd4+ Kg5 69. c5 g3 70. Rd8 Kg4 71. c6 Rc3 1/2-1/2

[Event "Batumi Municipality Cup"]
[Site "Batumi"]
[Date "2015.07.07"]
[Round "6"]
[White "Vardanian, Haik G"]
[Black "Poghosyan, Tigran1111"]
[Result "1/2-1/2"]
[WhiteElo "2301"]
[BlackElo "2230"]
[PlyCount "109"]
[EventDate "2015.07.03"]
[EventType "swiss"]
[EventRounds "9"]
[EventCountry "GEO"]
[SourceTitle "EXT 2016"]
[Source "ChessBase"]
[SourceDate "2015.10.08"]
[SourceVersion "1"]
[SourceVersionDate "2015.10.08"]
[SourceQuality "1"]

1. c4 e6 2. Nf3 d5 3. e3 c5 4. b3 Nc6 5. Bb2 Nf6 6. cxd5 exd5 7. Bb5 Bd7 8. 0-0 Bd6 9. d4 cxd4 10. Bxc6 bxc6 11. exd4 0-0 12. h3 Re8 13. Ba3 Bc7 14. Nc3 Ne4 15. Qc1 Rc8 16. Bb2 Qf6 17. Nxe4 Rxe4 18. Ne5 Bxe5 19. dxe5 Qg6 20. f3 Bxh3 21. Qc2 Rg4 22. Rf2 Rg5 23. g4 h5 24. Qxg6 Rxg6 25. Kh2 hxg4 26. Kg3 Kh7 27. f4 c5 28. Rd1 c4 29. bxc4 dxc4 30. f5 Ra6 31. Bc3 Rc5 32. Kf4 g6 33. Rd7 gxf5 34. Rxf7+ Kg6 35. Rxf5 Rd5 36. Bb4 c3 37. Kg3 c2 38. Rf6+ Rxf6 39. Rxf6+ Kg5 40. Rc6 Rxe5 41. Bd2+ Kf5 42. Rxc2 Re2 43. Rb2 a6 44. Bc1 Re1 45. Bh6 Rg1+ 46. Kh2 Rf1 47. Be3 Rd1 48. Bb6 Re1 49. a4 Ra1 50. a5 Ra3 51. Rf2+ Ke6 52. Rf8 Ra2+ 53. Rf2 Ra1 54. Rf8 Kd5 55. Kg3 1/2-1/2

[Event "Yerevan Asrian Memorial 8th"]
[Site "Yerevan"]
[Date "2015.06.23"]
[Round "8"]
[White "Vardanian, Haik G"]
[Black "Vuilleumier, Alexandre"]
[Result "1-0"]
[WhiteElo "2315"]
[BlackElo "2354"]
[PlyCount "81"]
[EventDate "2015.06.16"]
[EventType "swiss"]
[EventRounds "9"]
[EventCountry "ARM"]
[SourceTitle "CBM 167 Extra"]
[Source "ChessBase"]
[SourceDate "2015.09.14"]
[SourceVersion "1"]
[SourceVersionDate "2015.09.14"]
[SourceQuality "1"]

1. c4 e5 2. Nc3 Bb4 3. Nd5 Be7 4. e3 Nf6 5. Nxe7 Qxe7 6. Ne2 b6 7. Ng3 d6 8. Be2 g6 9. b3 Bb7 10. f3 h5 11. h4 a5 12. a3 0-0 13. d4 d5 14. e4 dxe4 15. d5 exf3 16. gxf3 e4 17. f4 Qc5 18. Bb2 Nbd7 19. Qd2 b5 20. 0-0-0 bxc4 21. Bxc4 Ng4 22. Rhe1 Qf2 23. Nxe4 Qxd2+ 24. Rxd2 Nb6 25. Nc5 Nxc4 26. bxc4 Ba6 27. Nxa6 Rxa6 28. c5 Rc8 29. Re7 Kf8 30. Re4 f5 31. Ree2 Re8 32. Rxe8+ Kxe8 33. Re2+ Kd7 34. Kd2 Ra8 35. Re6 Rb8 36. Bd4 Rb3 37. c6+ Kd8 38. Rxg6 Rb5 39. Rg8+ Ke7 40. Rg7+ Ke8 41. d6 1-0